000 00534pab a2200193 454500
008 180718b2012 xxu||||| |||| 00| 0 eng d
100 _aSloam, James
245 _aRejuvenating democracy? Young people and the big society project
260 _c2012
300 _ap.90-114.
362 _aJan
650 _aElections - Great Britain
650 _aDemocracy - Great Britain
650 _aYouth participation - Great Britain
650 _aYouth participation
773 _aParliamentary Affairs
908 _aN
909 _a96082
999 _c96082
_d96082